000 003890000a22001570004500
001 002752
003 MACL
040 _aMACL
090 _c14745
_d14744
100 _aDasgupta, Arjun
245 _aIndian Historical Periodicals As Source Of Research
_b1788-1970
_cArjun Dasgupta
260 _aBona,
_c2006
350 _a300
650 _aLibrary And Information Science
942 _k20
_cBook
999 _c14661
_d14661